Language Quiz

Random Language Quiz

Ends in Bet Quiz Stats

 Plays Quiz not verified by Sporcle

Also try: Japanese Katakana
Challenge
Share
Tweet
Embed
Score 0/10 Timer 02:00
0 Plays Today
Clue Word % Correct
To gambleBet
89.3%
The Dalai Lama is from the....Tibet
85.7%
The ABC's Alphabet
85.7%
Spanish spelling for ElizabethElizabet
82.1%
Frozen dessert made from sweetened water with fruit flavoringSorbet
67.9%
Alternative spelling for LisbethLisbet
64.3%
American version of the aforementioned containing a small amount of milkSherbet
50%
A person who doesn't know how to read or writeAnalphabet
21.4%
Funny Games American actor Brady ________Corbet
21.4%
A French dog breed also known as French Water DogBarbet
7.1%

You're not logged in!

Compare scores with friends on all Sporcle quizzes.
Join for Free
OR
Log In

You Might Also Like...

Show Comments

Extras

Created Sep 5, 2015ReportNominate
Tags:end, ending

Top Quizzes Today


Score Distribution

Your Account Isn't Verified!

In order to create a playlist on Sporcle, you need to verify the email address you used during registration. Go to your Sporcle Settings to finish the process.

Report this User

Report this user for behavior that violates our Community Guidelines.

Details: